Score 0/30 Timer 08:00
0 Plays Today
Clue Answer % Correct
23Bart Simpson
94.6%
24Homer Simpson
94.6%
25Maggie Simpson
94.6%
26Lisa Simpson
94.6%
4Monty Burns
91.9%
11Ned Flanders
91.9%
22Marge Simpson
91.9%
2Chief Wiggum
89.2%
10Maude Flanders
89.2%
14Moe
89.2%
16Krusty the Clown
89.2%
27Abe Simpson
89.2%
1Groundskeeper Willie
86.5%
3Smithers
86.5%
5Skinner
86.5%
Clue Answer % Correct
6Edna Krabappel
86.5%
8Barney Gumble
86.5%
15Sideshow Bob
86.5%
18Selma
86.5%
19Patty
86.5%
7Otto
83.8%
12Todd Flanders
83.8%
13Rod Flanders
83.8%
17Sideshow Mel
83.8%
20Snowball 2
83.8%
21Santa's Little Helper
83.8%
30Apu
83.8%
28Itchy
81.1%
29Scratchy
81.1%
9Dr Hibbert
78.4%

You're not logged in!

Compare scores with friends on all Sporcle quizzes.
OR
Log In

Sporcle TV

Today on Sporcle TV


Watch our educational content, quiz creation guides, and fun videos on Sporcle TV.

Show Comments

Extras

Created Dec 10, 2012ReportNominate

Top Quizzes Today


Score Distribution

Paid Content

Your Account Isn't Verified!

In order to create a playlist on Sporcle, you need to verify the email address you used during registration. Go to your Sporcle Settings to finish the process.

Report this User

Report this user for behavior that violates our Community Guidelines.

Details: